El resultado periódico y el principio de la valuación de costos. Reflexiones sobre un tema polémico (Registro nro. 23682)
[ vista simple ]
| 000 -LEADER | |
|---|---|
| fixed length control field | 00445 a2200121 4500 |
| 001 - CONTROL NUMBER | |
| control field | ART_9562 |
| 005 - DATE AND TIME OF LATEST TRANSACTION | |
| control field | 20260410161836.0 |
| 008 - FIXED-LENGTH DATA ELEMENTS--GENERAL INFORMATION | |
| fixed length control field | 260409a |
| 100 1# - MAIN ENTRY--PERSONAL NAME | |
| Personal name | Yardin, Amaro Ramón |
| 245 10 - TITLE STATEMENT | |
| Title | El resultado periódico y el principio de la valuación de costos. Reflexiones sobre un tema polémico |
| 700 1# - ADDED ENTRY--PERSONAL NAME | |
| Personal name | Rodríguez Jauregui, Hugo A. |
| 773 0# - HOST ITEM ENTRY | |
| Title | Contabilidad y administración |
| Related parts | - Año 5, Nº 49 (jul. 1981) |
| Record control number | REV5485 |
No hay ítems disponibles.